| 000 | 02300cam a22004454i 4500 | ||
|---|---|---|---|
| 003 | PE-LiUPU | ||
| 005 | 20250731165404.0 | ||
| 008 | 151002s2014 pe a grm 000 0 spa d | ||
| 035 | _a(Sirsi) a154754 | ||
| 040 |
_aPE-LiUPU _bspa _cPE-LiUPU _erda |
||
| 099 |
_aTIS 3 _bS91 2014 |
||
| 100 | 1 |
_aSullón Macalupú, Abel Ángel _eautor |
|
| 245 | 1 | 3 |
_aUn modelo para el desarrollo de aplicaciones web seguras / _cAbel Ángel Sullón Macalupú. |
| 264 | 0 | _c2014. | |
| 300 |
_a199 hojas : _bilustraciones; _c30 cm |
||
| 336 |
_atext _2rdacontent |
||
| 337 |
_aunmediated _2rdamedia |
||
| 338 |
_avolume _2rdacarrier |
||
| 502 |
_aTesis _b(Mg.) -- _cUniversidad Peruana Unión, _d2014. |
||
| 504 | _aIncluye referencias | ||
| 520 | 3 |
_aEl propósito de esta investigación es obtener un modelo práctico para el desarrollo de aplicaciones web seguras y en el menor tiempo, basados en los procesos del SS-CMM/ _ISO 21827, las características de seguridad web de la OWASP 2013 y experiencias vividas personalmente en el ámbito de la seguridad web. El modelo propuesto se basa en cuatro principios y cuatro prácticas de seguridad como son: la implementación preliminar de los componentes de seguridad para cada vulnerabilidad más recurrentes en aplicaciones web, el análisis de riesgos de seguridad en torno al negocio, la implementación y pruebas de los componentes de seguridad para recurrentes o nuevas vulnerabilidades y, la demostración y validación de la seguridad. El modelo propuesto fue refinado y validado mediante la aplicación en el Proyecto QUALPACA patrocinado por CONCYTEC y la UpeU, mitigando las vulnerabilidades al 92.30% con una velocidad de 20 puntos mensual y una cobertura del estilo de codificación de un 90%. |
|
| 526 | _aSEG44 | ||
| 526 | _aSEG26 | ||
| 526 | _aP151 | ||
| 526 | _aP150 | ||
| 526 | _aP149 | ||
| 526 | _aP146 | ||
| 526 | _aP145 | ||
| 526 | _aP126 | ||
| 526 | _aP125 | ||
| 526 | _aP92 | ||
| 526 | _aP75 | ||
| 526 | _aP74 | ||
| 526 | _aP27 | ||
| 526 | _aP15 | ||
| 650 | 0 | 4 |
_aDiseño de páginas web _xSeguridad iformática. |
| 596 | _a1 | ||
| 942 |
_2ddc _cTESIS |
||
| 999 |
_aTIS 3 S91 2014 _wALPHANUM _c7454 _iT01668 _lCCODEBUL3 _mBUL _r1 _sY _tTESIS _u2015-10-2 _xPOSGRADO _PP74 _o.STAFF. Tesis _d7454 |
||
| 980 |
_81 _gALBERTO SANCHEZ Responsable de Automatización |
||